| 000 | 00723nam a22002777a 4500 | ||
|---|---|---|---|
| 003 | UA-OsUOA | ||
| 001 | 25281 | ||
| 007 | ta | ||
| 008 | 20040330b un ||||| |||| 00| 0 ukr d | ||
| 100 | _aЧеревань В.П. | ||
| 700 | _aРумянцев А.П. | ||
| 700 | _aРоманенко Л.Ф | ||
| 090 |
_a339.9(075.8) _bЧ-74 |
||
| 942 | _cBK | ||
| 040 |
_aUA-OsUOA _bukr _cUA-OsUOA _dUA-OsUOA |
||
| 245 |
_aМіжнародна економічна діяльність _bНавч. посібник |
||
| 300 | _a280 с. | ||
| 955 | _a0 | ||
| 041 | _aukr | ||
| 080 | _a339.9(075.8) | ||
| 020 | _a966-8407-03-2 | ||
| 260 |
_aКиїв _bСлово _c2003 |
||
| 044 | _aUA | ||
| 650 | 7 | _2UDC | |
| 999 |
_c311574 _d311574 |
||